Equipos a los que ha marcado gol Cristiano Ronaldo - Estadísticas

Estadísticas generales
  • Esta prueba ha sido intentada 264 veces
  • La puntuación promedio es 74 de 161
Estadísticas de respuestas
Jugando para: Nº goles País Equipo % Correcto
Real Madrid 18 España FC Barcelona
94%
Juventus 2 España FC Barcelona
93%
Real Madrid 21 España Atlético de Madrid
92%
Juventus 3 España Atlético de Madrid
92%
Manchester United 4 Inglaterra Manchester City
92%
Real Madrid 1 Inglaterra Manchester City
92%
Manchester United 1 Portugal Oporto
90%
Real Madrid 27 España Sevilla
88%
Manchester United 2 Inglaterra Chelsea
86%
Manchester United 2 Inglaterra Liverpool
86%
Real Madrid 1 Inglaterra Liverpool
86%
Manchester United 1 Italia Inter
85%
Juventus 4 Italia Inter
85%
Real Madrid 10 Italia Juventus
85%
Manchester United 1 Italia Milan
85%
Real Madrid 1 Italia Milan
85%
Juventus 4 Italia Milan
85%
Real Madrid 6 España Real Betis
83%
Real Madrid 15 España Valencia
83%
Manchester United 9 Inglaterra Arsenal
81%
Real Madrid 3 Francia PSG
81%
Manchester United 2 España Villarreal
81%
Real Madrid 13 España Villarreal
81%
Manchester United 10 Inglaterra Tottenham
79%
Real Madrid 4 Inglaterra Tottenham
79%
Real Madrid 15 España Real Sociedad
78%
Real Madrid 9 Alemania Bayern Múnich
76%
Real Madrid 7 Alemania Borussia Dortmund
76%
Real Madrid 17 España Athletic Club
74%
Real Madrid 23 España Getafe
74%
Real Madrid 7 Países Bajos Ajax
73%
Juventus 2 Países Bajos Ajax
73%
Real Madrid 12 España Rayo Vallecano
73%
Real Madrid 13 España Deportivo de la Coruña
72%
Real Madrid 17 España Málaga
72%
Real Madrid 2 Inglaterra Manchester United
72%
Juventus 1 Inglaterra Manchester United
72%
Manchester United 1 Francia Olympique de Lyon
72%
Real Madrid 3 Francia Olympique de Lyon
72%
Juventus 2 Francia Olympique de Lyon
72%
Manchester United 3 Italia Roma
72%
Real Madrid 2 Italia Roma
72%
Juventus 5 Italia Roma
72%
Real Madrid 20 España Celta de Vigo
71%
Real Madrid 15 España Espanyol
70%
Real Madrid 4 Francia Olympique de Marsella
70%
Real Madrid 7 España Mallorca
69%
Real Madrid 5 España Alavés
68%
Real Madrid 3 España Real Valladolid
68%
Real Madrid 4 España Girona
67%
Real Madrid 7 España Real Zaragoza
66%
Manchester United 9 Inglaterra Aston Villa
65%
Real Madrid 6 Turquía Galatasaray
64%
Real Madrid 14 España Levante
64%
Real Madrid 12 España Osasuna
64%
Real Madrid 7 España Almería
63%
Real Madrid 3 España Las Palmas
62%
Juventus 5 Italia Lazio
62%
Manchester United 6 Inglaterra Everton
61%
Juventus 4 Italia Nápoles
61%
Al-Nassr 1 Arabia Saudí Al-Hilal
60%
Real Madrid 12 España Granada
60%
Real Madrid 1 Portugal Sporting de Lisboa
60%
Manchester United 6 Inglaterra West Ham United
60%
Real Madrid 7 España Eibar
59%
Juventus 3 Italia Fiorentina
59%
Real Madrid 6 España Sporting de Gijón
59%
Manchester United 3 Italia Atalanta
57%
Juventus 3 Italia Atalanta
57%
Real Madrid 5 Ucrania Shakhtar Donetsk
56%
Real Madrid 7 España Elche
55%
Manchester United 8 Inglaterra Newcastle
55%
Manchester United 3 Ucrania Dinamo de Kiev
54%
Juventus 1 Ucrania Dinamo de Kiev
54%
Real Madrid 7 Alemania Schalke 04
54%
Real Madrid 6 España Racing Club
53%
Juventus 4 Italia Torino
52%
Manchester United 2 Portugal Sporting de Lisboa
51%
Real Madrid 1 España Tenerife
51%
Real Madrid 1 España Córdoba
50%
Real Madrid 6 Suecia Malmo
48%
Juventus 6 Italia Parma
48%
Real Madrid 3 Alemania Wolfsburgo
48%
Real Madrid 3 Dinamarca Copenhague
45%
Manchester United 1 Suiza Young Boys
45%
Real Madrid 6 Chipre Apoel
44%
Manchester United 7 Inglaterra Fulham
44%
Manchester United 2 Inglaterra Southampton
41%
Real Madrid 1 México América
39%
Real Madrid 2 Suiza Basilea
39%
Juventus 2 Alemania Bayer Leverkusen
38%
Juventus 8 Italia Cagliari
38%
Juventus 6 Italia Sassuolo
38%
Manchester United 1 Inglaterra Brighton & Hove Albion
37%
Al-Nassr 4 Arabia Saudí Al-Ittihad
36%
Real Madrid 2 España Hércules
36%
Juventus 5 Italia Sampdoria
36%
Juventus 7 Italia Udinese
36%
Juventus 2 Italia Bolonia
35%
Real Madrid 3 Rusia CSKA Moscú
34%
Juventus 5 Italia Genoa
34%
Real Madrid 1 España Real Murcia
34%
Manchester United 1 Inglaterra Burnley
33%
Juventus 3 Italia Hellas Verona
32%
Manchester United 1 Inglaterra Brentford
31%
Manchester United 4 Inglaterra Norwich City
31%
Manchester United 1 Inglaterra Sunderland
31%
Juventus 1 Italia Lecce
30%
Real Madrid 4 España Xerez
30%
Al-Nassr 3 Arabia Saudí Al-Ahli
29%
Manchester United 3 Inglaterra Blackburn Rovers
28%
Real Madrid 1 Brasil Gremio
26%
Manchester United 2 Inglaterra Stoke City
26%
Manchester United 4 Inglaterra West Bromwich Albion
26%
Manchester United 2 Inglaterra Birmingham
24%
Manchester United 2 Inglaterra Watford
24%
Juventus 2 Italia Empoli
23%
Manchester United 2 Inglaterra Hull City
23%
Sporting de Lisboa 1 Portugal Boavista
21%
Manchester United 2 Moldavia Sheriff Tiraspol
21%
Real Madrid 3 Japón Kashima Antlers
20%
Real Madrid 2 Bulgaria Ludogorets
20%
Real Madrid 2 Croacia Zurich
19%
Manchester United 6 Inglaterra Bolton Wanderers
18%
Manchester United 5 Inglaterra Middlesbrough
16%
Manchester United 4 Inglaterra Derby County
15%
Juventus 2 Italia Frosinone
15%
Manchester United 6 Inglaterra Portsmouth
15%
Al-Nassr 1 Emiratos Árabes Unidos Al-Ain
14%
Juventus 3 Italia Spezia
14%
Manchester United 1 Japón Gamba Osaka
12%
Manchester United 7 Inglaterra Wigan Athletic
12%
Real Madrid 1 Francia Auxerre
11%
Manchester United 4 Inglaterra Reading
11%
Al-Nassr 1 Arabia Saudí Al-Ettifaq
10%
Real Madrid 1 España Ponferradina
10%
Juventus 3 Italia SPAL
10%
Al-Nassr 5 Arabia Saudí Al-Fateh
9%
Al-Nassr 5 Arabia Saudí Al-Shabab
8%
Al-Nassr 3 Arabia Saudí Al-Khaleej
6%
Al-Nassr 3 Arabia Saudí Al-Raed
6%
Al-Nassr 1 Arabia Saudí Al-Riyadh
6%
Real Madrid 1 Emiratos Árabes Unidos Al-Jazira
5%
Al-Nassr 8 Arabia Saudí Al-Wehda
5%
Manchester United 1 Inglaterra Charlton Athletic
5%
Al-Nassr 4 Arabia Saudí Damac
5%
Manchester United 1 Inglaterra Milwall
5%
Sporting de Lisboa 2 Portugal Moreirense
5%
Al-Nassr 3 Arabia Saudí Al-Fayha
4%
Al-Nassr 1 Arabia Saudí Al-Taawoun
4%
Al-Nassr 2 Catar Al-Duhail
3%
Al-Nassr 3 Arabia Saudí Al-Okhdood
3%
Al-Nassr 5 Arabia Saudí Al-Tai
3%
Manchester United 1 Hungría Debrecen
3%
Sporting de Lisboa 1 Portugal Estarreja
3%
Manchester United 1 Inglaterra Exeter City
3%
Sporting de Lisboa 1 Portugal Oliveira do Hospital
3%
Al-Nassr 4 Arabia Saudí Abha
2%
Al-Nassr 2 Arabia Saudí Al-Adalah
1%
Al-Nassr 1 Arabia Saudí Al-Hazem
1%
Al-Nassr 1 Tayikistán Istiqlol
0%
No se encontraron pruebas coincidentes
Distribución de puntuación
Porcentaje de gente con cada puntuación
Porcentaje por número respondido
Historial de tus puntuaciones
No has intentado esta prueba.